Disturbed Songs - Statistics

General Stats
  • This quiz has been taken 586 times
    265 since last reset
  • The average score is 35 of 109
Answer Stats
Answers % Correct
Down with the Sickness
94%
Ten Thousand Fists
86%
Indestructible
82%
Asylum
75%
The Sound of Silence
74%
Immortalized
73%
Believe
66%
Inside the Fire
65%
Stricken
65%
Stupify
63%
The Vengeful One
57%
The Game
56%
Land of Confusion
54%
Voices
52%
Prayer
48%
The Night
46%
Droppin' Plates
44%
The Animal
44%
Shout 2000
42%
Warrior
42%
Hell
41%
Decadence
39%
Liberate
39%
Who
38%
The Light
36%
Are You Ready
35%
Deify
35%
Who Taught You How to Hate
34%
Another Way to Die
33%
Criminal
33%
Violence Fetish
33%
Numb
32%
Open Your Eyes
32%
Fear
31%
Serpentine
31%
Haunted
30%
Just Stop
30%
Conflict
29%
Meaning of Life
29%
Avarice
28%
Divide
28%
Façade
28%
Guarded
28%
Monster
28%
My Child
28%
Overburdened
28%
Perfect Insanity
28%
Remember
28%
Remnants
28%
Sons of Plunder
28%
The Eye of the Storm
28%
The Infection
28%
Want
28%
3
27%
Crucified
27%
I'm Alive
27%
Run
27%
Torn
27%
Deceiver
26%
Enough
26%
Never Again
26%
Pain Redefined
26%
Tyrant
26%
You're Mine
26%
A Reason to Fight
25%
Bound
25%
Darkness
25%
Fire It Up
25%
Hold on to Memories
25%
Legion of Monsters
25%
Mistress
25%
The Curse
25%
Breathe
24%
Devour
24%
Innocence
24%
ISHFWILF
24%
Mine
24%
No More
24%
What Are You Waiting For
24%
Forgiven
23%
Sacred Lie
23%
Awaken
22%
A Welcome Burden
22%
Dehumanized
22%
God of the Mind
22%
Intoxication
22%
Living After Midnight
22%
Parasite
22%
Rise
22%
Sickened
22%
Never Wrong
21%
Sacrifice
21%
Save Our Last Goodbye
21%
Old Friend
19%
Two Worlds
19%
Midlife Crisis
18%
The Brave and the Bold
18%
This Moment
17%
Uninvited Guest
16%
Leave it Alone
15%
This Venom
14%
Glass Shatters
13%
The Best Ones Lie
13%
In Another Time
12%
Saviour of Nothing
12%
Stronger on Your Own
12%
Watch You Burn
12%
Already Gone
9%
Warning Sign
8%
No matching quizzes found
Score Distribution
Percent of People with Each Score
Percentile by Number Answered
Your Score History
You have not taken this quiz since the last reset